| 000 | 01001nam a22002537a 4500 | ||
|---|---|---|---|
| 999 |
_c7713 _d7713 |
||
| 003 | AR-CdUCM | ||
| 008 | 190321b ||||| |||| 00| 0 spa d | ||
| 020 | _a84-310-1307-9 | ||
| 040 |
_aMUNICIPALIDAD PROVINCIAL DEL CUSCO _cBIBLIOTECA MUNICIPAL DEL CUSCO |
||
| 082 |
_a616.8 / _bSC29 |
||
| 100 |
_aSchiaffini, O _921787 |
||
| 245 | _aNeuroendocrinología / | ||
| 260 |
_aBarcelona : _bEdiciones Toray ; _c1975. |
||
| 300 |
_a468 páginas ; _bFórmulas, tablas, ilustraciones _c25cm |
||
| 505 | _aContenido: Morfología de los sistemas neuroendocrinos -- Electrofisiología del sistema neuroendocrino -- Neurotransmisores del sistema neuroendocrino -- Hormonas hipotalámicas y adenohipofisarias -- Hormonas de la neurohipófisis... | ||
| 650 |
_aHormonas _921788 |
||
| 650 |
_aSistema neuroendocrino _921789 |
||
| 650 |
_aSistema límbico _921790 |
||
| 700 |
_aOriol Bosch, A. _921791 |
||
| 700 |
_aMartini, L. _921792 |
||
| 700 |
_aMotta, M. _921793 |
||
| 942 |
_2ddc _cLIBROS |
||
| 945 | _anom | ||